| 000 | 00594nam a22002057a 4500 | ||
|---|---|---|---|
| 999 |
_c5984 _d5984 |
||
| 003 | AR-CdUCM | ||
| 008 | 190313b ||||| |||| 00| 0 spa d | ||
| 040 |
_aMUNICIPALIDAD PROVINCIAL DEL CUSCO _cBIBLIOTECA MUNICIPAL DEL CUSCO |
||
| 082 |
_a759.944 / _bB81 |
||
| 245 | _aBraque / | ||
| 260 |
_aBarcelona : _bNoguer, _c1973. |
||
| 300 |
_a23 páginas ; _bfotografĂas ; _c30 cm. |
||
| 440 |
_aMaestros de la pintura. _n24 _917530 |
||
| 650 |
_aPintura _93081 |
||
| 650 |
_aFrancia _91444 |
||
| 650 |
_aBiografia _9437 |
||
| 710 |
_aEditorial Noguer _917531 |
||
| 942 |
_2ddc _cLIBROS |
||
| 945 | _azta | ||